Left-Hand Driving Countries - Statistics

General Stats
  • This quiz has been taken 3,989 times
  • The average score is 39 of 54
Answer Stats
Continent Country % Correct
Oceania Australia
96%
Europe United Kingdom
95%
Oceania New Zealand
92%
Asia India
89%
Europe Ireland
87%
Africa South Africa
87%
North America Barbados
83%
North America Antigua and Barbuda
82%
North America Bahamas
82%
Oceania Fiji
82%
North America Jamaica
82%
Asia Japan
81%
North America St. Kitts and Nevis
81%
North America St. Lucia
80%
Asia Pakistan
78%
North America St. Vincent and the Grenadines
78%
Asia Bangladesh
77%
Africa Kenya
77%
Oceania Samoa
77%
Oceania Tonga
75%
North America Trinidad and Tobago
75%
Oceania Tuvalu
75%
Africa Zimbabwe
75%
Asia Malaysia
74%
Asia Singapore
74%
North America Grenada
73%
Asia Indonesia
73%
Oceania Nauru
73%
Africa Zambia
73%
North America Dominica
72%
South America Guyana
72%
Oceania Solomon Islands
72%
Africa Botswana
71%
Asia Bhutan
70%
Oceania Kiribati
70%
Asia Thailand
70%
Africa Namibia
69%
Africa Tanzania
69%
Africa Lesotho
68%
Asia Nepal
68%
Oceania Papua New Guinea
68%
Africa Eswatini
66%
Africa Uganda
65%
South America Suriname
64%
Asia Brunei
63%
Asia Sri Lanka
62%
Europe Malta
60%
Africa Mozambique
60%
Africa Malawi
56%
Asia Maldives
54%
Asia East Timor
53%
Africa Seychelles
52%
Africa Mauritius
50%
Asia Cyprus
48%
No matching quizzes found
Score Distribution
Percent of People with Each Score
Percentile by Number Answered
Your Score History
You have not taken this quiz